The Wind, The Fountain and The Fire. (Record no. 3347)

MARC details
000 -LEADER
fixed length control field 00385nam a22001457a 4500
008 - FIXED-LENGTH DATA ELEMENTS--GENERAL INFORMATION
fixed length control field 250507b |||||||| |||| 00| 0 eng d
020 ## - INTERNATIONAL STANDARD BOOK NUMBER
ISBN 9781472968371
100 ## - MAIN ENTRY--AUTHOR
Author Barrett Mark
245 ## - TITLE STATEMENT
Title The Wind, The Fountain and The Fire.
260 ## - PUBLICATION, DISTRIBUTION, ETC. (IMPRINT)
Place of publication London
Name of publisher Bloomsbury Continum
Date of publication 2019
300 ## - COLLATION
Pagination 181p.
650 ## - TRACINGS
Main Subject Church Renewal
Subdivision (1st) Christianity
942 ## - ADDED ENTRY ELEMENTS (KOHA)
Item type Books
050 ## - LIBRARY OF CONGRESS CALL NUMBER
Classification number BV600.3
Item number .B37
Holdings
Source of classification or shelving scheme Not for loan Permanent location Current location Date acquired Accession No. Full call number Barcode. Koha item type
Library of Congress Classification   Samuel Ogbemudia Main Library, University of Abuja Samuel Ogbemudia Main Library, University of Abuja 05/07/2025 2024/63491 BV600.3.B37 2025-1810 Books